Guangxi Prefectural Level Divisions - Statistics

General Stats
  • This quiz has been taken 9 times
  • The average score is 10 of 14
Answer Stats
Answer % Correct
Liuzhou
100%
Nanning
100%
Chongzuo
83%
Wuzhou
83%
Baise
67%
Beihai
67%
Fangchenggang
67%
Guigang
67%
Guilin
67%
Hechi
67%
Hezhou
67%
Laibin
67%
Qinzhou
67%
Yulin
67%
No matching quizzes found
Score Distribution
Percent of People with Each Score
Percentile by Number Answered
Your Score History
You have not taken this quiz